000 00771nam a22002057a 4500
999 _c13416
_d13416
003 AR-CdUCM
008 190415b ||||| |||| 00| 0 spa d
040 _aMUNICIPALIDAD PROVINCIAL DEL CUSCO
_cBIBLIOTECA MUNICIPAL DEL CUSCO
082 _aC / 343.2C11 /
_bZ3V
100 _aVizcarra, Julio A.
_916673
245 _aNecesidad de una reforma constitucional /
260 _aCusco :
_bEdit. H.G. Rozas,
_c1964.
300 _a126 paginas ;
_c22 cm.
505 _aContenido : Nacionalidad de la mujer -- Perdida de nacionalidad --Garantía financiera -- El juramento -- Los intereses...
650 _aPerú. Constitución (1933)
_931826
650 _aReforma. Derecho constitucional
_931827
650 _aPerú.
_935
942 _2ddc
_cLIBROS
945 _awnts
_d2019-04-15